Makroekonomická stránka systémových změn: poučení z české zkušenosti

Prednáška predsedu vlády ČR, ktorú predniesol pri preberaní čestnej vedeckej hodnosti "Doctor honoris causa" (na VŠE v Prahe, 21.3.1994). Ekonomická transformácia českých zemí za 5-ročné obdobie. Makroekonomická stabilita ako predpoklad uskutočnenia inštitucionálnych zmien, úspechu hospodárskej poli...

Descrizione completa

Salvato in:
Dettagli Bibliografici
Autore principale: Klaus, Václav
Natura: Capitolo di libro
Lingua:ceco
Soggetti:
Tags: Aggiungi Tag
Nessun Tag, puoi essere il primo ad aggiungerne!!

MARC

LEADER 00000naa a2200000 4500
001 r016077
005 20220405120942.7
041 0 |a cze 
044 |a CZ 
245 1 0 |a Makroekonomická stránka systémových změn: poučení z české zkušenosti  |c Václav Klaus 
520 |a Prednáška predsedu vlády ČR, ktorú predniesol pri preberaní čestnej vedeckej hodnosti "Doctor honoris causa" (na VŠE v Prahe, 21.3.1994). Ekonomická transformácia českých zemí za 5-ročné obdobie. Makroekonomická stabilita ako predpoklad uskutočnenia inštitucionálnych zmien, úspechu hospodárskej politiky, udržania politického a sociálneho konsenzu. Je charakterizovaná trendom postupnej dezinflácie a pevnosťou nominálneho menového kurzu. Charakter zvolenej stabilizačnej politiky. 
610 2 0 |a makroekonomika 
610 2 0 |a Česko 
610 2 0 |a hospodárstvo národné 
610 2 0 |a transformácia 
610 2 0 |a hospodárstvo trhové 
610 2 0 |a kurz menový 
610 2 0 |a inflácia 
610 2 0 |a stabilizácia hospodárstva 
610 2 0 |a situácia hospodárska 
610 2 0 |a politika hospodárska 
610 2 0 |a devalvácia 
610 2 0 |a regulácia miezd 
100 1 |a Klaus, Václav